Представление документа в формате RUSMARC

ПолеНазваниеЗначение
  Тип записи a
  Библиографический уровень m
001 Контрольный номер UONB/MAIN/cda23efe92e34430b8329535f7857523
005 Дата корректировки 20260311153400.5
010 Индекс ISBN __
d Цена 95 к.
9 Тираж 2000 экз.
100 Данные общей обработки __
a Данные общей обработки 20220309d1969 m y0rusy0189## ca
101 Язык документа 0_
a Язык текста rus
102 Страна публикации __
a Страна публикации RU
105 Кодированные данные (монография) __
a Кодированные данные (монография) y z 000yy
200 Заглавие и сведения об ответственности 1_
a Заглавие Совершенствование проектирования и строительства
e Сведения, относящиеся к заглавию задачи архитекторов в деле реализации постановлений КЦ КПСС и Совета Министров СССР по вопросам совершенствования, проектирования и строительства
e Сведения, относящиеся к заглавию материалы объед. правл. Союза архитекторов СССР и правл. Моск. отд-ния Союза архитекторов СССР. (24-25 июня 1969 г.)
f Первые сведения об ответственности Союз архитекторов СССР
210 Выходные данные 1_
a Место издания Москва
c Издательство Центр науч.-техн. информации по гражд. стр-ву и архитектуре
d Дата издания 1969
215 Физическое описание __
a Объем 156 с.
d Формат 21 см
606 Тематические рубрики __
a Основная рубрика Советская архитектура
j Формальный подзаголовок Сборники
606 Тематические рубрики __
a Основная рубрика Строительство в СССР
610 Ключевые слова 0_
a Ключевые слова советская архитектура
a Ключевые слова строительство в СССР
a Ключевые слова совершенствование проектирования и строительства
a Ключевые слова задачи архитекторов
a Ключевые слова строительство и архитектура
a Ключевые слова строительство и сооружение зданий
686 Индексы других классификаций __
a Классификационный индекс 85.11я43
2 Код системы rubbk
712 Наименование организации (Вторичная ответственность) 02
a Организация/ юрисдикция Союз архитекторов СССР
4 Код отношения 570
801 Источник записи _0
a Страна RU
b Организация Ульяновская ОНБ
c Дата составления 20220309
g Правила каталогизации RCR
801 Источник записи _1
a Страна RU
b Организация Ульяновская ОНБ
c Дата составления 20220309
g Правила каталогизации RCR
901 Тип документа __
t Тип документа m
909 Создатель записи __
a Создатель записи Седова
b Дата создания записи 20220309